000 00666cam a2200265 4500
008 000000n2001 000 0 eng u
020 _a0406935777
035 _a(Sirsi) u109663
050 _a336.22
100 _aSpencer, Philip
245 _aProperty tax planning.
250 _a4th ed.
260 _aCroydon
_bTolley
_c2001
300 _axxix,349p. ; 25cm.
350 _a75.00
650 _aCAPITAL ALLOWANCES
650 _aCAPITAL GAINS TAX
650 _aINTEREST RELIEF
650 _aPROPERTY INVESTMENT
650 _aSTAMP DUTY
650 _aVALUE ADDED TAX
650 _aCONSTRUCTION INDUSTRY SCHEME
690 _aTAXATION
942 _n0
999 _c100967
_d100967